sanctissimi domini nostri Benecdicti Papae XIV (Record no. 8429)
[ view plain ]
| 000 -CABECERA | |
|---|---|
| campo de control de longitud fija | 01058nam a2200217 a 4500 |
| 001 - NÚMERO DE CONTROL | |
| campo de control | BRCA_8778 |
| 005 - FECHA Y HORA DE LA ÚLTIMA TRANSACCIÓN | |
| campo de control | 20190320210415.0 |
| 008 - DATOS DE LONGITUD FIJA--INFORMACIÓN GENERAL | |
| campo de control de longitud fija | 040417t1766----sp-#######---#000-0#lat-# |
| 041 ## - CÓDIGO DE LENGUA | |
| Código de lengua del texto/banda sonora o título independiente | lat |
| 044 ## - CÓDIGO DEL PAÍS DE LA ENTIDAD EDITORA/PRODUCTORA | |
| Código MARC del país | sp |
| 084 ## - OTRO NÚMERO DE CLASIFICACIÓN | |
| Número de clasificación | BE145 |
| Número de documento/Ítem | .S26 1766 |
| 245 10 - MENCIÓN DE TÍTULO | |
| Título | sanctissimi domini nostri Benecdicti Papae XIV |
| Resto del título | Constitutiones selectae, necnon bullae, decreta, epistolae, &c.: correctae, restitutae, ac redintegratae: parachis, confessanis, omnibusque animarum, Pastoribus utiliores ac Necessaria: in quibus Teologiae moralis ac dogmaticae precepta vere perspicua, ex scripturis precipue, ac Sacris Canonibus traduntur. |
| 260 ## - PUBLICACIÓN, DISTRIBUCIÓN, ETC. | |
| Lugar de publicación, distribución, etc. | Matriti |
| Nombre del editor, distribuidor, etc. | Apud Viduam Elizaei Sánchez |
| Fecha de publicación, distribución, etc. | 1766 |
| 300 ## - DESCRIPCIÓN FÍSICA | |
| Extensión | [8], 432 p. (t.2) |
| Dimensiones | 21 x 15.4 cm. |
| 500 ## - NOTA GENERAL | |
| Nota general | Se hallara en la Imprenta de la Plazuela de Santa Cathalina de los Donados |
| 500 ## - NOTA GENERAL | |
| Nota general | Superoirum permissu |
| 500 ## - NOTA GENERAL | |
| Nota general | Estado físico: presenta encuadernación en pergamino, con lomo desprendido, cintas rotas y presencia del pez de plata |
| 700 1# - PUNTO DE ACCESO ADICIONAL--NOMBRE DE PERSONA | |
| Nombre de persona | Benedicto XIV |
| Títulos y otros términos asociados al nombre | Papa |
| 9 (RLIN) | 21877 |
| 902 ## - CATALOGADOR | |
| Iniciales | CFM |
| 942 ## - ELEMENTOS DE PUNTO DE ACCESO ADICIONAL (KOHA) | |
| Fuente del sistema de clasificación o colocación | Library of Congress Classification |
| Tipo de ítem Koha | Libros |
| Estado de retiro | Estado de pérdida | Estado dañado | No para préstamo | Localización permanente | Ubicación/localización actual | Fecha de adquisición | Total de préstamos | Signatura topográfica completa | Código de barras | Fecha visto por última vez | Precio válido a partir de | Tipo de ítem Koha |
|---|---|---|---|---|---|---|---|---|---|---|---|---|
| El ejemplar forma parte de la colección y puede ser consultado según las políticas vigentes. | Biblioteca del Museo Franz Mayer (Rogerio Casas-Alatriste) | Biblioteca del Museo Franz Mayer (Rogerio Casas-Alatriste) | 04/04/2017 | BE145 .S26 1766 | CFM00104 | 22/03/2019 | 22/03/2019 | Libros |